AH International Schools' Libraries

I'm Ok Now (Record no. 49012)

MARC details
000 -LEADER
fixed length control field 00375nam a22001337a 4500
008 - FIXED-LENGTH DATA ELEMENTS--GENERAL INFORMATION
fixed length control field 250722b |||||||| |||| 00| 0 eng d
020 ## - INTERNATIONAL STANDARD BOOK NUMBER
International Standard Book Number 9789395698757
100 ## - MAIN ENTRY--PERSONAL NAME
Personal name Katherine Eason (Author)
9 (RLIN) 86385
245 ## - TITLE STATEMENT
Title I'm Ok Now
260 ## - PUBLICATION, DISTRIBUTION, ETC. (IMPRINT)
Place of publication, distribution, etc India
Name of publisher, distributor, etc Fox Eye Publishing
Date of publication, distribution, etc 2022
300 ## - PHYSICAL DESCRIPTION
Extent 24 pages
Other physical details col. ill.
Dimensions 21 x 21 x 0.3 cm
490 ## - SERIES STATEMENT
Series statement My Feelings and Manners
942 ## - ADDED ENTRY ELEMENTS (KOHA)
Source of classification or shelving scheme
Holdings
Withdrawn status Lost status Source of classification or shelving scheme Damaged status Not for loan Collection code Home library Current library Date acquired Full call number Barcode Date last seen Price effective from Koha item type
          Non-Fiction Asian Hope Siem Reap Asian Hope Siem Reap 07/22/2025 NFIC KAT 209037 07/22/2025 07/22/2025 Book

For any Logos Library related questions please contact Miss Art at swongnarasuk@asianhope.org.

For any Asian Hope Library related questions please contact Miss Raza at graza@asianhope.org.

Click here to explore our ebooks!

Powered by Koha